000 01190nam a22002777a 4500
003 PE SENCICO BE
005 20251020182641.0
008 230913b |||||||| |||| 00| 0 eng d
040 _aPE SENCICO BE
_cPE SENCICO BE
041 _aspa
084 _aI
_aLAB
_a2018
_bT56
100 1 _91561
_aTimoteo Cumbicus, Carlos Armando
_eautor
245 1 _aControl de calidad en agregados /
_cCarlos Armando Timoteo Cumbicus
260 _aLima :
_c2018
300 _a64 hojas :
_bilustraciones a color, tablas ;
_c30 cm.
500 _aEn la portada: Informe técnico.
502 _aMonografía de Titulación.-- Servicio Nacional de Capacitación para la Industria de la Construcción. Escuela Superior Técnica. Carrera Profesional Técnica en Laboratorio de Suelos, Concreto y Asfalto, 2018.
504 _aBibliografía: h. 63-64.
650 1 0 _91257
_aAgregados (Materiales de construcción)
650 2 0 _9485
_aControl de calidad
650 2 0 _91263
_aLaboratorio de ensayo de materiales
650 2 0 _91562
_aGranulometría
710 1 _aServicio Nacional de Capacitación para la Industria de la Construcción.
_bEscuela Superior Técnica
_91065
910 _bhfp
_chfp
942 _cMON
999 _c4298
_d4298